| 000 | 00726nam a2200253Ia 4500 | ||
|---|---|---|---|
| 003 | OSt | ||
| 005 | 20221005095618.0 | ||
| 006 | a|||||r|||| 00| 0 | ||
| 007 | ta | ||
| 008 | 221004b |||||||| |||| 00| 0 urd d | ||
| 020 | _c200 | ||
| 024 | _a24080 | ||
| 037 |
_b4622, 31/12/2015, Kitabi Duniya _cTextual |
||
| 040 |
_aCRL _cCRL _burd |
||
| 041 |
_2urd _aurd |
||
| 082 | _aO168,1N46x, P6 | ||
| 100 |
_aSiddiqui Qaus _9620278 |
||
| 245 | 0 |
_aLafzaab _b Collection of ghazals |
|
| 260 |
_aPatna _bDanish Markaz India _c2006 |
||
| 300 |
_a151p. _ccm. |
||
| 650 | _aURDU POETRY | ||
| 942 |
_hO168,1N46x, P6 _cTEXL _2cc |
||
| 999 |
_c1003811 _d1003811 |
||